Revitalizing medical education : (Record no. 5306)

000 -LEADER
fixed length control field 00920nam a2200265 a 4500
003 - CONTROL NUMBER IDENTIFIER
control field OSt
005 - DATE AND TIME OF LATEST TRANSACTION
control field 20220421120909.0
008 - FIXED-LENGTH DATA ELEMENTS--GENERAL INFORMATION
fixed length control field 931123s1991 paua b 001 0 eng d
020 ## - INTERNATIONAL STANDARD BOOK NUMBER
International Standard Book Number 1556642814
040 ## - CATALOGING SOURCE
Transcribing agency ALUPE UNIVERSITY COLLEGE
042 ## - AUTHENTICATION CODE
Authentication code lccopycat
043 ## - GEOGRAPHIC AREA CODE
Geographic area code n-cn---
050 00 - LIBRARY OF CONGRESS CALL NUMBER
Classification number R737
Item number .S63 1991
060 00 - NATIONAL LIBRARY OF MEDICINE CALL NUMBER
Classification number W 19
Item number S739r 1991
100 1# - MAIN ENTRY--PERSONAL NAME
Personal name Spaulding, William B.
Dates associated with a name 1922-
245 10 - TITLE STATEMENT
Title Revitalizing medical education :
Remainder of title McMaster Medical School, the early years 1965-1974 /
Statement of responsibility, etc. William B. Spaulding ; with the collaboration of Janet Cochran.
260 ## - PUBLICATION, DISTRIBUTION, ETC.
Place of publication, distribution, etc. Philadelphia :
Name of publisher, distributor, etc. B.C. Decker,
Date of publication, distribution, etc. c1991.
300 ## - PHYSICAL DESCRIPTION
Extent 235 p. :
Other physical details ill. ;
Dimensions 26 cm.
504 ## - BIBLIOGRAPHY, ETC. NOTE
Bibliography, etc. note Includes bibliographical references and index.
650 #2 - SUBJECT ADDED ENTRY--TOPICAL TERM
Topical term or geographic name entry element Schools, Medical
General subdivision history
Geographic subdivision Canada.
700 1# - ADDED ENTRY--PERSONAL NAME
Personal name Cochran, Janet.
906 ## - LOCAL DATA ELEMENT F, LDF (RLIN)
a 7
b cbc
c copycat
d 3
e opcn
f 19
g y-gencatlg
942 ## - ADDED ENTRY ELEMENTS (KOHA)
Source of classification or shelving scheme
Koha item type Book
Suppress in OPAC MM
Holdings
Withdrawn status Lost status Source of classification or shelving scheme Damaged status Not for loan Permanent Location Current Location Shelving location Date acquired Source of acquisition Total Checkouts Full call number Barcode Date last seen Price effective from Koha item type Public note
          AU LIBRARY AU LIBRARY Open Shelf 21.04.2022 DONATION FROM MOI UNIVERSITY   R737 .S63 1991 28007845 06.04.2022 06.04.2022 Book MM

Powered by Koha